[Event "Arica op 4th"]
[Site "Arica"]
[Date "2017.12.10"]
[Round "1"]
[White "Rojas Angel, Daniel"]
[Black "El Debs, Felipe de Cresce"]
[Result "0-1"]
[WhiteElo "1758"]
[BlackElo "2537"]
[PlyCount "46"]
[EventDate "2017.12.10"]
[EventType "swiss"]
[EventRounds "10"]
[EventCountry "CHI"]
[SourceTitle "CBM 182 Extra"]
[Source "ChessBase"]
[SourceDate "2018.02.23"]
[SourceVersion "1"]
[SourceVersionDate "2018.02.23"]
[SourceQuality "1"]

1. d4 Nf6 2. c4 e6 3. Nc3 Bb4 4. Bg5 c5 5. Bxf6 Qxf6 6. e3 Nc6 7. Nge2 d6 8. g3 cxd4 9. exd4 Qf3 10. Rg1 0-0 11. Bg2 Qf6 12. Qa4 Bxc3+ 13. bxc3 e5 14. Bxc6 bxc6 15. Qxc6 Bg4 16. f4 Bxe2 17. dxe5 Qf5 18. Kxe2 dxe5 19. Kf3 Rad8 20. Rad1 Rxd1 21. Rxd1 Qh5+ 22. g4 Qh3+ 23. Kf2 Qxh2+ 0-1